Introducción al sistema hipotecario español
Saved in:
| Main Author: | |
|---|---|
| Format: | Book |
| Language: | Spanish |
| Published: |
Barcelona
Sucesores de N. Ramírez
1887
|
| Subjects: | |
| Tags: |
Add Tag
No Tags, Be the first to tag this record!
|
MARC
| LEADER | 00000nam a2200000 a 4500 | ||
|---|---|---|---|
| 001 | UCR4258 | ||
| 003 | CL-VaPUC | ||
| 008 | 980307e18870000SP |||||||||||||||||spa|d | ||
| 082 | 0 | 4 | |a 346.074 |b ROM |2 21 |
| 100 | 0 | |a Romaní y Puigdengolas, Francisco |e author |9 404058 | |
| 245 | 1 | 0 | |a Introducción al sistema hipotecario español |
| 300 | |a 198 p | ||
| 942 | |c BK | ||
| 945 | |d 19980307 00:00:00 |a crobeson | ||
| 260 | |a Barcelona |b Sucesores de N. Ramírez |c 1887 | ||
| 650 | 0 | |a Hipoteca |9 255780 | |
| 650 | 0 | |a Derecho y legislación |9 255077 | |
| 650 | 7 | |a REFORMA JURIDICA |2 CL-VaPUC |9 317706 | |
| 650 | 7 | |a LEGISLACION ESPAÑOLA |2 CL-VaPUC |9 400154 | |
| 650 | 0 | |a Contratos |9 255153 | |
| 650 | 7 | |a FINANCIACION |2 CL-VaPUC |9 351156 | |
| 650 | 0 | |a Financiamiento de la vivienda |9 404059 | |
| 650 | 0 | |a Crédito |9 256211 | |
| 650 | 7 | |a PRESTAMOS |2 CL-VaPUC |9 359045 | |
| 650 | 0 | |a Finanzas inmobiliarias |9 404060 | |
| 651 | 0 | |a España |9 254926 | |
| 583 | |a last modification |c 19980307 00:00:00 |k Rodrigo Vera | ||
| 999 | |c 267206 |d 267204 | ||
| 952 | |0 0 |1 0 |4 0 |6 346_074000000000000_ROM_1887 |7 0 |8 X |9 299431 |a BIBDER |b BIBDER |d 2019-11-20 |i 1948628 |o 346.074 ROM 1887 |p 1948628 |r 2023-01-25 |w 2019-11-20 |y BK_X |k DER | ||